New Challenges of the Global Economy for Business Management Global Conference on Entrepreneurship and the Economy in an Era of Uncertainty 2024
Guardado en:
| Autor Corporativo: | |
|---|---|
| Formato: | Libro |
| Lenguaje: | inglés |
| Publicado: |
Singapore
Springer Nature Singapore
2025
|
| Edición: | 1st Edition |
| Materias: | |
| Etiquetas: |
Sin Etiquetas, Sea el primero en etiquetar este registro!
|
MARC
| LEADER | 00000nam a2200000 4500 | ||
|---|---|---|---|
| 001 | 0310846 | ||
| 005 | 20250619101951.5 | ||
| 020 | |a 978-981-96-4115-4 | ||
| 041 | 0 | |a eng | |
| 044 | |a SG | ||
| 245 | 1 | 0 | |a New Challenges of the Global Economy for Business Management |b Global Conference on Entrepreneurship and the Economy in an Era of Uncertainty 2024 |
| 250 | |a 1st Edition | ||
| 264 | 1 | |a Singapore |b Springer Nature Singapore |c 2025 | |
| 300 | |a [1733] s. | ||
| 610 | 2 | 0 | |a riadenie podnikové |
| 610 | 2 | 0 | |a podnikanie |
| 610 | 2 | 0 | |a ekonomika |
| 610 | 2 | 0 | |a stratégia inovačná |
| 610 | 2 | 0 | |a inteligencia umelá |
| 610 | 2 | 0 | |a učenie strojové |
| 610 | 2 | 0 | |a udržateľnosť |
| 110 | 2 | |a Global Conference on Entrepreneurship and Economy in an Era of Uncertainty | |